[Event "Robert Silk Young Masters"]
[Site "London, Great Eastern Hotel"]
[Date "1984.07.15"]
[Round "1"]
[White "Hartston, William Roland"]
[Black "Upton, Timothy J"]
[Result "1-0"]
[WhiteElo "2440"]
[BlackElo "2340"]
[PlyCount "59"]
[EventDate "1984.07.15"]
[EventType "tourn"]
[EventRounds "9"]
[EventCountry "ENG"]
[EventCategory "6"]
[SourceTitle "BritBase"]
[Source "John Saunders"]
[SourceDate "2020.09.07"]
[SourceVersion "1"]
[SourceVersionDate "2020.09.07"]
[SourceQuality "2"]

1. d4 d5 2. Nf3 Nf6 3. e3 e6 4. Bd3 c5 5. b3 Be7 6. Bb2 O-O 7. O-O b6 8. Ne5
Bb7 9. Nd2 Nbd7 10. Qf3 Rc8 11. Qh3 Nxe5 12. dxe5 Ne4 13. Rad1 Ng5 14. Qh5 g6
15. Qe2 Qc7 16. c4 f5 17. f4 Ne4 18. cxd5 exd5 19. Nxe4 fxe4 20. Bxe4 Rfd8 21.
f5 dxe4 22. Qc4+ Kg7 23. f6+ Bxf6 24. exf6+ Kf8 25. Rxd8+ Qxd8 26. f7 Qd2 27.
Qe6 Qxe3+ 28. Kh1 Qd3 29. Qxc8+ Bxc8 30. Bg7+ 1-0

[Event "Robert Silk Young Masters"]
[Site "London, Great Eastern Hotel"]
[Date "1984.07.15"]
[Round "1"]
[White "Horner, Jeff"]
[Black "King, Daniel J"]
[Result "1-0"]
[WhiteElo "2390"]
[BlackElo "2435"]
[PlyCount "91"]
[EventDate "1984.07.15"]
[EventType "tourn"]
[EventRounds "9"]
[EventCountry "ENG"]
[EventCategory "6"]
[SourceTitle "BritBase"]
[Source "John Saunders"]
[SourceDate "2020.09.07"]
[SourceVersion "1"]
[SourceVersionDate "2020.09.07"]
[SourceQuality "2"]

1. e4 c5 2. Nf3 d6 3. c3 Nf6 4. Bd3 Nc6 5. Bc2 Bg4 6. d3 Bxf3 7. Qxf3 g6 8. Ba4
Bg7 9. e5 dxe5 10. Bxc6+ bxc6 11. Qxc6+ Nd7 12. O-O O-O 13. Na3 Rc8 14. Qa4 Rc7
15. Be3 Nb6 16. Qb5 Qd5 17. Rfd1 Rd8 18. Qb3 Rcd7 19. Qxd5 Rxd5 20. f3 Na4 21.
Nc4 Rxd3 22. Rxd3 Rxd3 23. Kf2 f5 24. Ke2 Rd5 25. Rc1 Kf7 26. b3 Nb6 27. Na5
Nd7 28. c4 Rd6 29. Nb7 Ra6 30. Rc2 e4 31. Nxc5 exf3+ 32. gxf3 Nxc5 33. Bxc5 g5
34. b4 Be5 35. b5 Rh6 36. Kf1 Bxh2 37. Bxa7 Be5 38. Bg1 Rh3 39. c5 Rxf3+ 40.
Ke2 Rg3 41. Bf2 Rc3 42. Rxc3 Bxc3 43. b6 f4 44. c6 Ke6 45. b7 Be5 46. Bb6 1-0

[Event "Robert Silk Young Masters"]
[Site "London, Great Eastern Hotel"]
[Date "1984.07.15"]
[Round "1"]
[White "Kosten, Anthony C"]
[Black "Fuller, Maxwell L"]
[Result "1-0"]
[WhiteElo "2420"]
[BlackElo "2335"]
[PlyCount "71"]
[EventDate "1984.07.15"]
[EventType "tourn"]
[EventRounds "9"]
[EventCountry "ENG"]
[EventCategory "6"]
[SourceTitle "BritBase"]
[Source "John Saunders"]
[SourceDate "2020.09.07"]
[SourceVersion "1"]
[SourceVersionDate "2020.09.07"]
[SourceQuality "2"]

1. e4 g6 2. d4 Bg7 3. Nf3 d6 4. Bc4 Nf6 5. Qe2 c6 6. Bb3 O-O 7. O-O d5 8. e5
Ne8 9. Nbd2 Nc7 10. Re1 Ne6 11. Nf1 a5 12. a4 c5 13. c3 cxd4 14. cxd4 Nc6 15.
Be3 b6 16. h4 Ba6 17. Qd2 Nb4 18. N1h2 Qd7 19. Bh6 Bc4 20. Bxg7 Kxg7 21. Bd1
Rac8 22. Ra3 Rc7 23. Ng4 Rfc8 24. Qh6+ Kh8 25. Ng5 Nxg5 26. hxg5 Qe8 27. Rh3
Qg8 28. Ree3 Nc6 29. Rh4 Nxd4 30. Reh3 f5 31. e6 Nxe6 32. Qxh7+ Qxh7 33. Rxh7+
Kg8 34. Rh8+ Kf7 35. Ne5+ Kg7 36. R3h7# 1-0

[Event "Robert Silk Young Masters"]
[Site "London, Great Eastern Hotel"]
[Date "1984.07.15"]
[Round "1"]
[White "Large, Peter G"]
[Black "Berg, Klaus"]
[Result "1-0"]
[WhiteElo "2345"]
[BlackElo "2375"]
[PlyCount "73"]
[EventDate "1984.07.15"]
[EventType "tourn"]
[EventRounds "9"]
[EventCountry "ENG"]
[EventCategory "6"]
[SourceTitle "BritBase"]
[Source "John Saunders"]
[SourceDate "2020.09.07"]
[SourceVersion "1"]
[SourceVersionDate "2020.09.07"]
[SourceQuality "2"]

1. e4 c6 2. d4 d5 3. exd5 cxd5 4. c4 Nf6 5. Nc3 e6 6. Nf3 Bb4 7. cxd5 Nxd5 8.
Qc2 Nc6 9. Bd3 Ba5 10. Be4 Nxc3 11. bxc3 Nxd4 12. Nxd4 Qxd4 13. O-O Qxc3 14.
Qb1 Qb4 15. Qd3 Qc3 16. Qb5+ Bd7 17. Qxb7 O-O 18. Qxd7 Qxa1 19. Bxa8 Rxa8 20.
Qc6 Rf8 21. Ba3 Qd4 22. Bxf8 Kxf8 23. Qc2 g6 24. Rd1 Qe5 25. Qd3 Bc7 26. g3 Qh5
27. Kg2 Bb6 28. Qf3 Qb5 29. Rc1 Kg7 30. Qc3+ e5 31. Qf3 Qb2 32. Rc6 f5 33. Rd6
e4 34. Rd7+ Kf6 35. Qf4 e3 36. Qd6+ Kg5 37. h4+ 1-0

[Event "Robert Silk Young Masters"]
[Site "London, Great Eastern Hotel"]
[Date "1984.07.15"]
[Round "1"]
[White "Martin, Andrew D"]
[Black "Rayner, Emmanuel"]
[Result "1/2-1/2"]
[WhiteElo "2445"]
[BlackElo "2325"]
[PlyCount "41"]
[EventDate "1984.07.15"]
[EventType "tourn"]
[EventRounds "9"]
[EventCountry "ENG"]
[EventCategory "6"]
[SourceTitle "BritBase"]
[Source "John Saunders"]
[SourceDate "2020.09.07"]
[SourceVersion "1"]
[SourceVersionDate "2020.09.07"]
[SourceQuality "2"]

1. e4 c5 2. d4 cxd4 3. c3 dxc3 4. Nxc3 Nc6 5. Nf3 e6 6. Bc4 d6 7. O-O Be7 8.
Qe2 Nf6 9. Rd1 e5 10. h3 O-O 11. Be3 Be6 12. Rac1 Rc8 13. Bxe6 fxe6 14. Qb5 Qd7
15. Qa4 Rfd8 16. b4 Nd4 17. Bxd4 Qxa4 18. Nxa4 exd4 19. Nxd4 Kf7 20. f3 d5 21.
e5 1/2-1/2

[Event "Robert Silk Young Masters"]
[Site "London, Great Eastern Hotel"]
[Date "1984.07.16"]
[Round "2"]
[White "Fuller, Maxwell L"]
[Black "Hartston, William Roland"]
[Result "0-1"]
[WhiteElo "2335"]
[BlackElo "2440"]
[PlyCount "106"]
[EventDate "1984.07.15"]
[EventType "tourn"]
[EventRounds "9"]
[EventCountry "ENG"]
[EventCategory "6"]
[SourceTitle "BritBase"]
[Source "John Saunders"]
[SourceDate "2020.09.07"]
[SourceVersion "1"]
[SourceVersionDate "2020.09.07"]
[SourceQuality "2"]

1. e4 e6 2. d4 d5 3. exd5 exd5 4. Bd3 Nc6 5. c3 Bd6 6. Qf3 Nge7 7. Ne2 Be6 8.
Bf4 Ng6 9. Bxd6 Qxd6 10. Qg3 O-O-O 11. Nd2 Nce7 12. Qxd6 Rxd6 13. O-O-O Bf5 14.
Nf3 Bxd3 15. Rxd3 f6 16. Re1 Re6 17. Re3 Rxe3 18. fxe3 Nf5 19. Nf4 Nxf4 20.
exf4 h5 21. Kc2 Kd7 22. Kd3 c6 23. Re2 Rh6 24. g3 Rh8 25. Re1 a5 26. a4 b5 27.
axb5 cxb5 28. Nd2 a4 29. b3 Nd6 30. bxa4 bxa4 31. c4 dxc4+ 32. Nxc4 Nxc4 33.
Kxc4 Ra8 34. Kc3 a3 35. Kb3 a2 36. Kb2 Kd6 37. Ka1 Ra4 38. Re2 h4 39. gxh4 Rxd4
40. Rg2 Rxf4 41. Kxa2 Rxh4 42. Kb3 g5 43. Kc3 Re4 44. Kd3 Ke5 45. Ra2 f5 46.
Rg2 Kf6 47. Ra2 Re6 48. Rg2 Kg6 49. Rf2 Re8 50. Kd2 g4 51. h3 Kg5 52. hxg4 fxg4
53. Re2 Rxe2+ 0-1

[Event "Robert Silk Young Masters"]
[Site "London, Great Eastern Hotel"]
[Date "1984.07.16"]
[Round "2"]
[White "Martin, Andrew D"]
[Black "Horner, Jeff"]
[Result "0-1"]
[WhiteElo "2445"]
[BlackElo "2390"]
[PlyCount "80"]
[EventDate "1984.07.15"]
[EventType "tourn"]
[EventRounds "9"]
[EventCountry "ENG"]
[EventCategory "6"]
[SourceTitle "BritBase"]
[Source "John Saunders"]
[SourceDate "2020.09.07"]
[SourceVersion "1"]
[SourceVersionDate "2020.09.07"]
[SourceQuality "2"]

1. Nf3 Nc6 2. g3 e5 3. d3 d5 4. Bg2 Nf6 5. O-O Be7 6. Na3 O-O 7. c4 Bxa3 8.
cxd5 Nxd5 9. bxa3 Nd4 10. Bb2 Nxf3+ 11. Bxf3 Re8 12. Rc1 c6 13. Bg2 Qd6 14. Qc2
Bg4 15. e4 Nb6 16. f4 Rad8 17. h3 Bc8 18. Rcd1 Qh6 19. Kh2 Nd7 20. Qf2 exf4 21.
gxf4 Nf6 22. Qxa7 Qh4 23. f5 Ng4+ 24. Kg1 Ne5 25. Qe3 c5 26. Qxc5 Nxd3 27. Qc3
Nxb2 28. Qxb2 Qe7 29. Rxd8 Rxd8 30. Rc1 h6 31. Qb3 Qd6 32. Qe3 Qf6 33. Bf1 Qe7
34. Qf4 Qxa3 35. Rc2 b6 36. e5 Ba6 37. Bxa6 Qxa6 38. f6 Qd3 39. Rg2 g5 40. h4
Rd4 0-1

[Event "Robert Silk Young Masters"]
[Site "London, Great Eastern Hotel"]
[Date "1984.07.16"]
[Round "2"]
[White "Rayner, Emmanuel"]
[Black "Berg, Klaus"]
[Result "1/2-1/2"]
[WhiteElo "2325"]
[BlackElo "2375"]
[PlyCount "63"]
[EventDate "1984.07.15"]
[EventType "tourn"]
[EventRounds "9"]
[EventCountry "ENG"]
[EventCategory "6"]
[SourceTitle "BritBase"]
[Source "John Saunders"]
[SourceDate "2020.09.07"]
[SourceVersion "1"]
[SourceVersionDate "2020.09.07"]
[SourceQuality "2"]

1. e4 c6 2. d4 d5 3. exd5 cxd5 4. c4 Nf6 5. Nc3 e6 6. Nf3 Bb4 7. Bd3 dxc4 8.
Bxc4 O-O 9. O-O a6 10. a3 Bxc3 11. bxc3 b5 12. Be2 Nd5 13. Qd3 Nd7 14. a4 Bb7
15. Bd2 Bc6 16. axb5 axb5 17. c4 bxc4 18. Qxc4 Rc8 19. Qd3 Qc7 20. Rfc1 Nf4 21.
Bxf4 Qxf4 22. Qe3 Qd6 23. Ne5 Bd5 24. Ra6 Nb6 25. Ra7 f6 26. Rxc8 Rxc8 27.
Rxg7+ Kxg7 28. Qg3+ Kf8 29. Ng6+ Kg7 30. Ne5+ Kf8 31. Ng6+ Kg7 32. Ne5+ 1/2-1/2

[Event "Robert Silk Young Masters"]
[Site "London, Great Eastern Hotel"]
[Date "1984.07.16"]
[Round "2"]
[White "Upton, Timothy J"]
[Black "Large, Peter G"]
[Result "1/2-1/2"]
[WhiteElo "2340"]
[BlackElo "2345"]
[PlyCount "67"]
[EventDate "1984.07.15"]
[EventType "tourn"]
[EventRounds "9"]
[EventCountry "ENG"]
[EventCategory "6"]
[SourceTitle "BritBase"]
[Source "John Saunders"]
[SourceDate "2020.09.07"]
[SourceVersion "1"]
[SourceVersionDate "2020.09.07"]
[SourceQuality "2"]

1. e4 c5 2. Nf3 d6 3. d4 cxd4 4. Nxd4 Nf6 5. Nc3 Nc6 6. Be2 g6 7. O-O Bg7 8.
Be3 O-O 9. Nb3 Be6 10. f4 Qc8 11. Qe1 a5 12. a4 Nb4 13. Nd4 Bc4 14. Rc1 d5 15.
e5 Ne4 16. Nxe4 dxe4 17. Bxc4 Qxc4 18. Bf2 g5 19. Qxe4 gxf4 20. Qxf4 Ra6 21. b3
Qc7 22. Rce1 Nxc2 23. Qc1 Rc8 24. Nxc2 Rc6 25. Qe3 Rxc2 26. e6 f6 27. Rd1 Rc3
28. Qe4 Qc6 29. Qf5 Kh8 30. Rd7 Rc1 31. Rdd1 Bh6 32. Rxc1 Bxc1 33. Rd1 Bb2 34.
Qxa5 1/2-1/2

[Event "Robert Silk Young Masters"]
[Site "London, Great Eastern Hotel"]
[Date "1984.07.17"]
[Round "3"]
[White "Hartston, William Roland"]
[Black "King, Daniel J"]
[Result "1/2-1/2"]
[WhiteElo "2440"]
[BlackElo "2435"]
[PlyCount "49"]
[EventDate "1984.07.15"]
[EventType "tourn"]
[EventRounds "9"]
[EventCountry "ENG"]
[EventCategory "6"]
[SourceTitle "BritBase"]
[Source "John Saunders"]
[SourceDate "2020.09.07"]
[SourceVersion "1"]
[SourceVersionDate "2020.09.07"]
[SourceQuality "2"]

1. d4 Nf6 2. Nf3 e6 3. e3 c5 4. Bd3 b6 5. b3 Bb7 6. Bb2 Nc6 7. a3 Be7 8. O-O
O-O 9. Nbd2 Re8 10. c4 cxd4 11. exd4 d5 12. Qe2 Bf8 13. Rac1 dxc4 14. bxc4 g6
15. Rfd1 Bg7 16. Ne4 Nxe4 17. Bxe4 Na5 18. Bxb7 Nxb7 19. Ne5 Qc7 20. Ng4 Rac8
21. Qf3 Qe7 22. Bc3 h5 23. Ne3 Nd6 24. Bb4 a5 25. Be1 1/2-1/2

[Event "Robert Silk Young Masters"]
[Site "London, Great Eastern Hotel"]
[Date "1984.07.17"]
[Round "3"]
[White "Horner, Jeff"]
[Black "Rayner, Emmanuel"]
[Result "1/2-1/2"]
[WhiteElo "2390"]
[BlackElo "2325"]
[PlyCount "92"]
[EventDate "1984.07.15"]
[EventType "tourn"]
[EventRounds "9"]
[EventCountry "ENG"]
[EventCategory "6"]
[SourceTitle "BritBase"]
[Source "John Saunders"]
[SourceDate "2020.09.07"]
[SourceVersion "1"]
[SourceVersionDate "2020.09.07"]
[SourceQuality "2"]

1. e4 c5 2. Nf3 d6 3. Bb5+ Bd7 4. Bxd7+ Qxd7 5. O-O Nc6 6. c3 e6 7. d4 d5 8.
exd5 Qxd5 9. Be3 Rd8 10. Qa4 Bd6 11. c4 Qf5 12. Nc3 cxd4 13. Nxd4 Qh5 14. h3
Nge7 15. Nxc6 Nxc6 16. Qb5 Qe5 17. g3 Qxb5 18. cxb5 Ne5 19. Bxa7 Nc4 20. Ne4
Be5 21. Rac1 Nxb2 22. Bb6 Rb8 23. f4 Bf6 24. Nxf6+ gxf6 25. Bd4 Nd3 26. Rc3 Nb4
27. Bxf6 O-O 28. Rb3 Nd5 29. Bb2 Ra8 30. a3 Rfc8 31. Rf2 Ra4 32. f5 Rac4 33.
fxe6 fxe6 34. Rbf3 Rc2 35. Be5 Rxf2 36. Rxf2 Ra8 37. Bd6 Ra5 38. Rb2 Kf7 39.
Rb3 Kf6 40. Kf2 e5 41. Bc5 Ke6 42. Be3 Nc7 43. b6 Nd5 44. g4 Ra4 45. Kg3 Ra6
46. Kf3 Ra4 1/2-1/2

[Event "Robert Silk Young Masters"]
[Site "London, Great Eastern Hotel"]
[Date "1984.07.17"]
[Round "3"]
[White "Kosten, Anthony C"]
[Black "Martin, Andrew D"]
[Result "1/2-1/2"]
[WhiteElo "2420"]
[BlackElo "2445"]
[PlyCount "30"]
[EventDate "1984.07.15"]
[EventType "tourn"]
[EventRounds "9"]
[EventCountry "ENG"]
[EventCategory "6"]
[SourceTitle "BritBase"]
[Source "John Saunders"]
[SourceDate "2020.09.07"]
[SourceVersion "1"]
[SourceVersionDate "2020.09.07"]
[SourceQuality "2"]

1. e4 e5 2. Nf3 Nc6 3. Bb5 a6 4. Ba4 Nf6 5. O-O Be7 6. Re1 b5 7. Bb3 d6 8. c3
O-O 9. h3 Na5 10. Bc2 c5 11. d4 Qc7 12. Nbd2 cxd4 13. cxd4 Rd8 14. d5 Bd7 15.
Nf1 Rdc8 1/2-1/2

[Event "Robert Silk Young Masters"]
[Site "London, Great Eastern Hotel"]
[Date "1984.07.17"]
[Round "3"]
[White "Large, Peter G"]
[Black "Fuller, Maxwell L"]
[Result "0-1"]
[WhiteElo "2345"]
[BlackElo "2335"]
[PlyCount "74"]
[EventDate "1984.07.15"]
[EventType "tourn"]
[EventRounds "9"]
[EventCountry "ENG"]
[EventCategory "6"]
[SourceTitle "BritBase"]
[Source "John Saunders"]
[SourceDate "2020.09.07"]
[SourceVersion "1"]
[SourceVersionDate "2020.09.07"]
[SourceQuality "2"]

1. e4 e6 2. d4 d5 3. Nc3 Be7 4. e5 b6 5. Nf3 Ba6 6. Bxa6 Nxa6 7. O-O c5 8. Qe2
c4 9. Nd1 Nc7 10. b3 b5 11. a4 a6 12. Bd2 h5 13. Ba5 Rb8 14. axb5 axb5 15. Ne3
Nh6 16. Rfb1 O-O 17. Ne1 g6 18. f4 Qd7 19. Nf3 Rfc8 20. h3 Nf5 21. g4 hxg4 22.
hxg4 Nxe3 23. Qxe3 cxb3 24. cxb3 b4 25. Kg2 Nb5 26. f5 Rc2+ 27. Kg3 Nc3 28. f6
Ne4+ 29. Kh4 Bxf6+ 30. exf6 Qd6 31. Ng1 Rc3 32. Re1 Rxe3 33. Rxe3 Qf4 34. Rxe4
dxe4 35. Bxb4 Rxb4 36. Ra8+ Kh7 37. Nh3 Qh6+ 0-1

[Event "Robert Silk Young Masters"]
[Site "London, Great Eastern Hotel"]
[Date "1984.07.18"]
[Round "4"]
[White "Fuller, Maxwell L"]
[Black "Berg, Klaus"]
[Result "1/2-1/2"]
[WhiteElo "2335"]
[BlackElo "2375"]
[PlyCount "27"]
[EventDate "1984.07.15"]
[EventType "tourn"]
[EventRounds "9"]
[EventCountry "ENG"]
[EventCategory "6"]
[SourceTitle "BritBase"]
[Source "John Saunders"]
[SourceDate "2020.09.07"]
[SourceVersion "1"]
[SourceVersionDate "2020.09.07"]
[SourceQuality "2"]

1. e4 c6 2. Nc3 d5 3. Qf3 dxe4 4. Nxe4 Nd7 5. b3 Ngf6 6. Nxf6+ Nxf6 7. Bb2 g6
8. h3 Bg7 9. Bd3 O-O 10. Ne2 Re8 11. Be5 Qd5 12. Qxd5 Nxd5 13. Bxg7 Kxg7 14. a3
1/2-1/2

[Event "Robert Silk Young Masters"]
[Site "London, Great Eastern Hotel"]
[Date "1984.07.18"]
[Round "4"]
[White "Horner, Jeff"]
[Black "Kosten, Anthony C"]
[Result "1/2-1/2"]
[WhiteElo "2390"]
[BlackElo "2420"]
[PlyCount "137"]
[EventDate "1984.07.15"]
[EventType "tourn"]
[EventRounds "9"]
[EventCountry "ENG"]
[EventCategory "6"]
[SourceTitle "BritBase"]
[Source "John Saunders"]
[SourceDate "2020.09.07"]
[SourceVersion "1"]
[SourceVersionDate "2020.09.07"]
[SourceQuality "2"]

1. e4 e6 2. d4 d5 3. Nc3 Bb4 4. e5 Ne7 5. Bd2 c5 6. dxc5 Nbc6 7. Nf3 O-O 8. Bd3
Ng6 9. Qe2 Bxc5 10. O-O-O Nd4 11. Nxd4 Bxd4 12. f4 Bxc3 13. Bxc3 Nxf4 14. Qg4
Ng6 15. h4 Qc7 16. Rdf1 Bd7 17. Qg5 h6 18. Qg3 Rac8 19. h5 Ne7 20. Bd2 f5 21.
Bxh6 Rf7 22. Kb1 Nc6 23. Bf4 Nb4 24. h6 Ba4 25. c3 Nxd3 26. Qxd3 g6 27. g4 Kh7
28. Rhg1 Rg8 29. Qe3 Bb5 30. Rd1 fxg4 31. Rxg4 Rf5 32. Rdg1 Qf7 33. b3 Be2 34.
Qxe2 Rxf4 35. R4g2 Qf5+ 36. Kb2 a6 37. Qe3 Rf3 38. Qd4 Qf4 39. Qb6 Qf7 40. Rc1
Rf8 41. Qb4 Rf4 42. Qd6 Qe8 43. Qb6 Qf7 44. Qd6 Rg8 45. Qb6 g5 46. Rcg1 g4 47.
a4 Rg6 48. Qc5 Rg5 49. a5 Kxh6 50. Rh1+ Rh5 51. Qg1 Rxh1 52. Qxh1+ Kg5 53. Qg1
Qf5 54. Qb6 Qxe5 55. Qxb7 Rf3 56. Qc8 Kf4 57. Qf8+ Qf5 58. Qd6+ Kg5 59. Qd8+
Qf6 60. Qg8+ Kh6 61. Ka3 Qg6 62. Qh8+ Kg5 63. Qe5+ Kh4 64. Rh2+ Rh3 65. Rg2 Qh6
66. Qd4 Qf8+ 67. b4 Qf3 68. Qh8+ Kg5 69. Qg7+ 1/2-1/2

[Event "Robert Silk Young Masters"]
[Site "London, Great Eastern Hotel"]
[Date "1984.07.18"]
[Round "4"]
[White "King, Daniel J"]
[Black "Large, Peter G"]
[Result "1-0"]
[WhiteElo "2435"]
[BlackElo "2345"]
[PlyCount "77"]
[EventDate "1984.07.15"]
[EventType "tourn"]
[EventRounds "9"]
[EventCountry "ENG"]
[EventCategory "6"]
[SourceTitle "BritBase"]
[Source "John Saunders"]
[SourceDate "2020.09.07"]
[SourceVersion "1"]
[SourceVersionDate "2020.09.07"]
[SourceQuality "2"]

1. d4 e6 2. Nf3 Nf6 3. c4 d5 4. Nc3 Be7 5. Bg5 O-O 6. e3 h6 7. Bxf6 Bxf6 8. Qd2
b6 9. O-O-O Bb7 10. cxd5 exd5 11. g4 g6 12. h4 Bg7 13. g5 h5 14. Ne5 Nd7 15.
Nd3 c5 16. Nf4 cxd4 17. exd4 Rc8 18. Rh3 Nb8 19. Bg2 Rc4 20. Rd3 Na6 21. a3 b5
22. Kb1 b4 23. Ncxd5 bxa3 24. Rxa3 Nc7 25. Qe2 Bxd5 26. Nxd5 Rxd4 27. Rxd4 Bxd4
28. Ne7+ Kh7 29. Nc6 Qd6 30. Rd3 Qh2 31. Be4 Qxh4 32. Rxd4 Qxg5 33. f4 Qh4 34.
f5 g5 35. f6+ Kh8 36. Bc2 Qh1+ 37. Rd1 Qxc6 38. Qxh5+ Kg8 39. Qh7# 1-0

[Event "Robert Silk Young Masters"]
[Site "London, Great Eastern Hotel"]
[Date "1984.07.18"]
[Round "4"]
[White "Martin, Andrew D"]
[Black "Hartston, William Roland"]
[Result "1/2-1/2"]
[WhiteElo "2445"]
[BlackElo "2440"]
[PlyCount "96"]
[EventDate "1984.07.15"]
[EventType "tourn"]
[EventRounds "9"]
[EventCountry "ENG"]
[EventCategory "6"]
[SourceTitle "BritBase"]
[Source "John Saunders"]
[SourceDate "2020.09.07"]
[SourceVersion "1"]
[SourceVersionDate "2020.09.07"]
[SourceQuality "2"]

1. d4 d5 2. c4 c6 3. Nf3 Nf6 4. Nc3 dxc4 5. a4 Na6 6. e4 Bg4 7. Bxc4 e6 8. Be3
Be7 9. Qd2 Bxf3 10. gxf3 Nb4 11. Ke2 O-O 12. Rhg1 g6 13. Rad1 c5 14. dxc5 Qc8
15. Nb5 Bxc5 16. Qc3 Bxe3 17. fxe3 Qc5 18. Nd6 Kg7 19. Bxe6 Qxc3 20. bxc3 Na6
21. Ba2 Nc5 22. Rd4 Ne8 23. e5 Nxd6 24. exd6 Rad8 25. a5 b6 26. Rb1 Nd7 27.
axb6 axb6 28. Bd5 Rc8 29. c4 Rc5 30. Rb5 Rd8 31. e4 g5 32. Rd2 Rxb5 33. cxb5
Ne5 34. Bb3 Kf8 35. h4 h6 36. hxg5 hxg5 37. Rd5 f6 38. Rd2 Ng6 39. Ke3 Nf4 40.
e5 fxe5 41. Ke4 Ke8 42. d7+ Rxd7 43. Rxd7 Kxd7 44. Kxe5 Nd3+ 45. Kf5 Kd6 46.
Bd1 Nf4 47. Kxg5 Ne6+ 48. Kg4 Nd4 1/2-1/2

[Event "Robert Silk Young Masters"]
[Site "London, Great Eastern Hotel"]
[Date "1984.07.18"]
[Round "4"]
[White "Rayner, Emmanuel"]
[Black "Upton, Timothy J"]
[Result "1/2-1/2"]
[WhiteElo "2325"]
[BlackElo "2340"]
[PlyCount "59"]
[EventDate "1984.07.15"]
[EventType "tourn"]
[EventRounds "9"]
[EventCountry "ENG"]
[EventCategory "6"]
[SourceTitle "BritBase"]
[Source "John Saunders"]
[SourceDate "2020.09.07"]
[SourceVersion "1"]
[SourceVersionDate "2020.09.07"]
[SourceQuality "2"]

1. e4 e5 2. Nf3 Nc6 3. Bb5 a6 4. Bxc6 dxc6 5. O-O f6 6. d4 Bg4 7. dxe5 Qxd1 8.
Rxd1 Bxf3 9. gxf3 fxe5 10. Be3 Bd6 11. Nd2 b5 12. Nb3 Ne7 13. c4 bxc4 14. Nd2
Rb8 15. Nxc4 Rf8 16. b3 Rd8 17. Rd3 Rxf3 18. Rad1 Rf6 19. Nxe5 Re6 20. Nc4 Rxe4
21. Nxd6+ cxd6 22. Rxd6 Rxd6 23. Rxd6 Re5 24. Kg2 a5 25. Kf3 Rh5 26. Bb6 Rb5
27. Be3 Rh5 28. Kg2 Re5 29. Bd2 Rc5 30. Be3 1/2-1/2

[Event "Robert Silk Young Masters"]
[Site "London, Great Eastern Hotel"]
[Date "1984.07.19"]
[Round "5"]
[White "Berg, Klaus"]
[Black "King, Daniel J"]
[Result "0-1"]
[WhiteElo "2375"]
[BlackElo "2435"]
[PlyCount "66"]
[EventDate "1984.07.15"]
[EventType "tourn"]
[EventRounds "9"]
[EventCountry "ENG"]
[EventCategory "6"]
[SourceTitle "BritBase"]
[Source "John Saunders"]
[SourceDate "2020.09.07"]
[SourceVersion "1"]
[SourceVersionDate "2020.09.07"]
[SourceQuality "2"]

1. c4 e5 2. g3 f5 3. Bg2 Nf6 4. Nc3 Bb4 5. Qc2 Bxc3 6. Qxc3 d6 7. d4 Qe7 8. b3
Ne4 9. Bxe4 fxe4 10. dxe5 dxe5 11. f3 Nc6 12. fxe4 O-O 13. Bb2 Nd4 14. Nf3 c5
15. Rd1 Bh3 16. Rg1 Qe6 17. Qd3 Bg4 18. Rf1 Rae8 19. Rf2 Qa6 20. Ra1 Qh6 21.
Kf1 Nxe2 22. Qxe2 Bxf3 23. Qe1 Bxe4 24. Rxf8+ Rxf8+ 25. Kg1 Qg6 26. Qe2 Re8 27.
Re1 Bc6 28. Bxe5 Qf5 29. Qe3 Qh3 30. Qd2 a6 31. Re2 Qg4 32. Qe3 Rf8 33. Bf4
Rxf4 0-1

[Event "Robert Silk Young Masters"]
[Site "London, Great Eastern Hotel"]
[Date "1984.07.19"]
[Round "5"]
[White "Hartston, William Roland"]
[Black "Horner, Jeff"]
[Result "1/2-1/2"]
[WhiteElo "2440"]
[BlackElo "2390"]
[PlyCount "31"]
[EventDate "1984.07.15"]
[EventType "tourn"]
[EventRounds "9"]
[EventCountry "ENG"]
[EventCategory "6"]
[SourceTitle "BritBase"]
[Source "John Saunders"]
[SourceDate "2020.09.07"]
[SourceVersion "1"]
[SourceVersionDate "2020.09.07"]
[SourceQuality "2"]

1. e4 e5 2. Bc4 Nc6 3. Nc3 Nf6 4. d3 Na5 5. Nge2 Nxc4 6. dxc4 g6 7. Ng3 Bg7 8.
h4 d6 9. h5 Be6 10. Qd3 Nd7 11. Be3 Nc5 12. Qe2 c6 13. O-O-O Qe7 14. Rd2 O-O
15. b3 Rfd8 16. Rhd1 1/2-1/2

[Event "Robert Silk Young Masters"]
[Site "London, Great Eastern Hotel"]
[Date "1984.07.19"]
[Round "5"]
[White "Kosten, Anthony C"]
[Black "Rayner, Emmanuel"]
[Result "1/2-1/2"]
[WhiteElo "2420"]
[BlackElo "2325"]
[PlyCount "100"]
[EventDate "1984.07.15"]
[EventType "tourn"]
[EventRounds "9"]
[EventCountry "ENG"]
[EventCategory "6"]
[SourceTitle "BritBase"]
[Source "John Saunders"]
[SourceDate "2020.09.07"]
[SourceVersion "1"]
[SourceVersionDate "2020.09.07"]
[SourceQuality "2"]

1. e4 c5 2. Nf3 d6 3. d4 cxd4 4. Nxd4 Nf6 5. Nc3 a6 6. f4 e6 7. Bd3 Nbd7 8. Nf3
Nc5 9. O-O Be7 10. a4 b6 11. b4 Nxd3 12. cxd3 O-O 13. Bd2 Bb7 14. Nd4 Nd7 15.
Rc1 Bf6 16. Nce2 Rc8 17. Rxc8 Qxc8 18. Qb3 Nb8 19. f5 d5 20. fxe6 fxe6 21. Be3
Qd7 22. b5 axb5 23. axb5 Re8 24. Nf3 dxe4 25. dxe4 Bxe4 26. Bxb6 Qd3 27. Nc1
Qxb3 28. Nxb3 Bd3 29. Rc1 Bxb5 30. Nbd4 Bd3 31. Bc7 Nd7 32. Rd1 Bc4 33. Nc6 Bd5
34. Nb4 Bxf3 35. gxf3 Nf8 36. Nd3 Ng6 37. Rb1 Nh4 38. Kf2 Nf5 39. Rb8 Rxb8 40.
Bxb8 Bd4+ 41. Ke2 Bb6 42. Be5 Kf7 43. Ne1 Bd4 44. Bc7 e5 45. Kd3 Ke6 46. Ke4
Ne3 47. f4 Ng4 48. fxe5 Bxe5 49. Bxe5 Nxe5 50. Ng2 g5 1/2-1/2